000 00326nam a2200145Ia 4500
100 _aGandhi/Meeta & Others
250 _a1
942 _cBK
654 _aThe C Odgessey
245 _aVijay Mukhis;The C Odgssey C++ & Graphics
260 _bB.P.B Pub.
_aNEW DELHI
_c1992
300 _a479
546 _aENGLISH
999 _c30363
_d30363